000
00290nam a22001337a 4500
008
181224b xxu||||| |||| 00| 0 eng d
020
_a
9781571104120
041
_a
eng
080
_a
621
100
_a
27
101
_a
MAK
245
_a
Mechanicall7 Inclineal
_c
Vicki.S
942
_2
udc
_c
BK
999
_c
53745
_d
53745